Primetime Emmy Award for Outstanding Lead Actress in a Drama Series - Statistics

General Stats
  • This quiz has been taken 86 times
    33 since last reset
  • The average score is 19 of 42
Answer Stats
Answer % Correct
Edie Falco
88%
Viola Davis
88%
Zendaya
88%
Claire Danes
75%
Elisabeth Moss
75%
Olivia Colman
75%
Barbara Stanwyck
71%
Claire Foy
71%
Glenn Close
71%
Jodie Comer
71%
Loretta Young
71%
Lucille Ball
71%
Gillian Anderson
67%
Allison Janney
58%
Julianna Margulies
54%
Sarah Snook
54%
Mariska Hargitay
50%
Mary Tyler Moore
50%
Patricia Arquette
50%
Sharon Gless
50%
Kyra Sedgwick
46%
Sally Field
46%
Tatiana Maslany
46%
Tyne Daly
42%
Dana Delany
33%
Barbara Bel Geddes
29%
Christine Lahti
25%
Lindsay Wagner
25%
Michael Learned
25%
Sela Ward
25%
Barbara Bain
21%
Jane Wyatt
21%
Sada Thompson
21%
Shirley Booth
21%
Barbara Babcock
17%
Eve Arden
17%
Kathy Baker
17%
Patricia Wettig
17%
Glenda Jackson
13%
Jean Marsh
13%
Mariette Hartley
8%
Susan Hampshire
4%
No matching quizzes found
Score Distribution
Percent of People with Each Score
Percentile by Number Answered
Your Score History
You have not taken this quiz since the last reset